00413nam a2200157 a 4500008004100000020001500041050001600056100002000072245002700092246003500119260004200154300002200196350000900218650001400227650001400241061107s1985 ||||||||||||||||| || u a0198741332 aHD 111 Ilb. aIlbery, Brian W10aAgricultural geography aa social and economic analysis aOxfordbOxford University Pressc1985 axv ; 229p. ; ill. a0.00 aGEOGRAPHY aTEXTBOOKS